LEADER 04976nam 2200625 a 450 001 9910140757003321 005 20170815153131.0 010 $a1-282-81744-2 010 $a9786612817441 010 $a0-470-93839-0 010 $a0-470-93838-2 035 $a(CKB)2670000000047494 035 $a(EBL)589033 035 $a(OCoLC)694142735 035 $a(SSID)ssj0000433035 035 $a(PQKBManifestationID)11291243 035 $a(PQKBTitleCode)TC0000433035 035 $a(PQKBWorkID)10390418 035 $a(PQKB)11439457 035 $a(MiAaPQ)EBC589033 035 $a(EXLCZ)992670000000047494 100 $a20101115d1987 uy 0 101 0 $aeng 135 $aur|n|---||||| 181 $ctxt 182 $cc 183 $acr 200 10$aAIChE equipment testing procedure : tray distillation columns$b[electronic resource] $ea guide to performance evaluation /$fprepared by the Equipment Testing Procedures Committee 205 $a2nd ed. 210 $aNew York, N.Y. $cAmerican Institute of Chemical Engineers$dc1987 215 $a1 online resource (32 p.) 225 1 $aAIChE equipment testing procedure 300 $aDescription based upon print version of record. 311 $a0-8169-0404-9 320 $aIncludes bibliographical references and index. 327 $aAIChE Equipment Testing Procedure Tray Distillation Columns: A Guide to Performance Evaluation; TABLE OF CONTENTS; 100.0 PURPOSE AND SCOPE; 101.0 Purpose; 102.0 Scope; 103.0 Liability; 200.0 DEFINITIONS AND DESCRIPTIONS OF TERMS; 201.0 Flow Quantities; 202.0 Key Components; 203.0 Tray Efficiency; 204.0 Operating Lines; 205.0 Pinch; 206.0 Maximum Throughput; 207.0 Minimum Throughput; 208.0 Operating Section; 209.0 Hardware; 300.0 TEST PLANNING; 301.0 Safety; 302.0 Environmental; 303.0 Preliminary Preparation; 303.1 Test Objectives; 303.2 Organizational Resources; 303.3 Schedule 327 $a303.4 Column Control and Instrumentation303.5 Peripheral Equipment; 303.6 Pretest Calculations; 304.0 Types of Tests; 304.1 Performance Tests; 304.2 Acceptance Tests; 305.0 Specific Areas of Interest; 305.1 Tray Efficiency; 305.2 Capacity Limitations; 305.3 Energy Consumption; 305.4 Pressure-Drop Restrictions; 306.0 Data Requirements-Measured; 306.1 Properties of External Streams, Overall and Component Material Balances, Overall Enthalpy Balances; 306.2 Internal Temperatures; 306.3 Internal Samples; 306.4 Pressure Profiles; 307.0 Data Requirements-Physical Properties; 307.1 Essential Data 327 $a307.2 Auxiliary Data308.0 Test Procedure Documentation; 400.0 METHODS OF MEASUREMENT AND SAMPLING; 401.0 Measurement of Temperatures; 401.1 Accuracy; 401.2 Errors; 402.0 Measurement of Flow Rates; 402.1 Orifice Meters; 402.2 Rotameters; 402.3 Direct Volume or Weight Measurement; 403.0 Measurement of Column Pressure Drop; 403.1 Instruments; 403.2 Pressure Taps; 403.3 Seal Pots; 403.4 Accuracy; 404.0 Sampling Procedure; 404.1 General; 404.2 Selection of Sampling Points; 404.3 Sample Connections; 404.4 Containers; 404.5 Sampling of High Boiling Materials 327 $a404.6 Sampling of Intermediate Boiling Materials404.7 Sampling of Materials Having Boiling Points Below -50°F (-46°C); 404.8 Labeling and Handling of the Samples; 500.0 TEST PROCEDURE; 501.0 Preliminary; 502.0 Pretest Procedure for Maximum Hydraulic Throughput; 502.1 Reaching the Flooding Point; 502.2 Capacity Test; 503.0 Test Period; 503.1 Establishment of Steady State Conditions; 503.2 Length of Test Period; 600.0 COMPUTATION OF RESULTS; 601.0 Verification of Test Data; 602.0 Material Balance; 603.0 Enthalpy Balance; 603.1 Overall Balance; 603.2 Internal Flow Rates; 604.0 Column Capacity 327 $a605.0 Column Pressure Drop606.0 Overall Column Efficiency; 606.1 Computer Calculation; 606.2 Graphical Calculation; 607.0 Murphree Tray Efficiency; 608.0 Sample Calculations; 700.0 INTERPRETATION OF RESULTS; 701.0 Sources of Experimental Error; 702.0 Effects of Experimental Error; 703.0 Possible Reasons for Not Meeting Design Performance; 703.1 Mechanical; 703.2 Process; 704.0 Application of Test Results to Design Conditions; 800.0 APPENDIX; 801.0 Notation; 802.0 Illustrations; 803.0 Sample Calculation; 803.1 English Units; 803.2 S1 Units; 804.0 References 330 $aSpecial Details: Equipment Testing Procedure. Softcover Member and other discounts do not apply to this title. 410 0$aAIChE equipment testing procedure. 606 $aDistillation apparatus$xTesting 606 $aChemistry, Technical$xEquipment and supplies$xEvaluation 608 $aElectronic books. 615 0$aDistillation apparatus$xTesting. 615 0$aChemistry, Technical$xEquipment and supplies$xEvaluation. 676 $a660.28425 801 0$bMiAaPQ 801 1$bMiAaPQ 801 2$bMiAaPQ 906 $aBOOK 912 $a9910140757003321 996 $aAIChE equipment testing procedure : tray distillation columns$91972253 997 $aUNINA LEADER 02602nam 2200469 450 001 9910794406903321 005 20210930012331.0 035 $a(CKB)4100000011784478 035 $a(MiAaPQ)EBC6507002 035 $a(Au-PeEL)EBL6507002 035 $a(OCoLC)1233024209 035 $a(EXLCZ)994100000011784478 100 $a20210930d2021 uy 0 101 0 $aeng 135 $aurcnu|||||||| 181 $ctxt$2rdacontent 182 $cc$2rdamedia 183 $acr$2rdacarrier 200 14$aThe corporate terminologist /$fKara Warburton ; copy editor Emma Warburton 210 1$aAmsterdam ;$aPhiladelphia :$cJohn Benjamins Publishing Company,$d[2021] 210 4$d©2021 215 $a1 online resource (xxiv, 249 pages) $cillustrations 225 1 $aTerminology and lexicography research and practice ;$vVolume 21 311 $a90-272-0849-2 311 $a90-272-6009-5 320 $aIncludes bibliographical references and index. 330 $a"The Corporate Terminologist is the first monograph that addresses the principles and methods for managing terminology in content production environments that are both demanding and multilingual, such as those found in global companies and institutions. It describes the needs of large corporations and how those needs demand a new, pragmatic approach to terminology management. The repurposability of terminology resources is a fundamental criterion that motivates the design, selection, and use of terminology management tools, and has a bearing on the definition of termhood itself. The Corporate Terminologist describes and critiques the theories and methods informing terminology management today, and practical considerations such as preparing an executive proposal, designing a termbase, and extracting terms from corpora are also covered. This book is intended for readers tasked with managing terminology in today's challenging production environments, for those studying translation and business communication, and indeed for anyone interested in terminology as a discipline and practice"--$cProvided by publisher. 410 0$aTerminology and lexicography research and practice ;$vVolume 21. 606 $aBusiness$vTerminology 606 $aBusiness communication 615 0$aBusiness 615 0$aBusiness communication. 676 $a650.014 700 $aWarburton$b Kara$01472264 702 $aNewby$b C. J.$cMrs., 801 0$bMiAaPQ 801 1$bMiAaPQ 801 2$bMiAaPQ 906 $aBOOK 912 $a9910794406903321 996 $aThe corporate terminologist$93685000 997 $aUNINA